000 00367nam a2200145Ia 4500
008 240624s9999 xx 000 0 und d
041 _aeng
082 _a658.4012 CAM
100 _aCAMPBELL ANDREW
245 _aSTRATEGY FOR THE CORPORATE LEVEL WHERE T
250 _a(2nd ed.)
260 _c2014
_aSan Francisco
_bJossey-Bass
300 _a400 : p.
365 _c
_b30
999 _c27143
_d27143